El cambio climático /

Guardado en:
Formato: Deslizar
Materias:
Etiquetas: Agregar Etiqueta
Sin Etiquetas, Sea el primero en etiquetar este registro!
LEADER 00893ngm a22002295g 4500
001 CEM.cems022934
008 130507b2009##################0###0#####d
005 20241127140444.0
245 0 0 |a El cambio climático / 
300 |a 30'. 
500 |a En soporte VHS, consultar en ventanilla. 
538 |a Soporte: VHS - Norma: Pal N - Color: Si - Grabación DRD 2009 - Hitachi=0000. 
505 0 |a Causas del cambio climático. Efecto invernadero. Consecuencias en las temperaturas y precipitaciones. Catástrofes. Inundaciones en Santa Fe del 2003. Gases contaminantes que inciden sobre la atmósfera. 
082 3 0 |/ MEJ-1 
653 |a CLIMA 
653 |a CAMBIO CLIMATICO 
653 |a EFECTO INVERNADERO 
653 |a CATASTROFES 
653 |a INUNDACIONES 
653 |a NIVEL PRIMARIO 
653 |a NIVEL SECUNDARIO 
859 |a CEMS  |b BIB. CEMS - Depto. Recursos Didacticos  |h 301  |i MEJ-1  |k DRD  |p 1577.12  |t Ej.1